000 00388nam a22001697a 4500
005 20160622152104.0
008 160622b xxu||||| |||| 00| 0 eng d
020 _a81-203-0484-5
041 _aeng
082 _b9244
100 _aLuck, David J and Rubin, Ronald P
_92488
245 _aMarketing Research
260 _bPHI
300 _a667
650 _aManagement
_9241
942 _cBK
999 _c3580
_d3579